France in Indochina : colonial encounters

Αποθηκεύτηκε σε:
Λεπτομέρειες βιβλιογραφικής εγγραφής
Κύριος συγγραφέας: Cooper, Nicola
Μορφή: Βιβλίο
Γλώσσα:English
Δημοσίευση: Oxford : Berg, 2001
Θέματα:
Ετικέτες: Προσθήκη ετικέτας
Δεν υπάρχουν, Καταχωρήστε ετικέτα πρώτοι!

MARC

LEADER 00000nam a2200000 i 4500
001 1/69757
008 080110s2001 eng d
020 |a 1-85973-476-6 
035 |l 10093499 
040 |a GR-MY-UA  |b gre  |e aacr 
041 0 |a eng 
082 0 |a 325.3440959  |2 (22) 
100 1 |a Cooper, Nicola. 
245 1 0 |a France in Indochina :  |b colonial encounters /  |c Nicola Cooper 
260 |a Oxford :   |b Berg,   |c 2001 
300 |a 240 σ.;  |b εικ.;  |c 24 εκ. 
504 |a Βιβλιογραφία: σ. 221-236 
504 |a Ευρετήριο: σ. 237-240 
651 0 |a Indochina  |x History. 
651 0 |a France  |x Colonies  |y Asia. 
651 0 |a France  |x Colonies  |x Administration  |x History. 
651 0 |a Indochina  |x Politics and government. 
852 |a INST  |b LESVOS  |e 20080110  |h 325.3440959 COO  |p 005100040846  |q 005100040846  |t BK  |y 0 
901 |a BIBL1-2008-1 
909 |a Λ  |b 142807 
922 |a 1ΕΛΗ  |b 200812  |c ΕΠΕΑΕΚ2/ΤΚΑ  |d ΕΛΕΥΘΕΡΟΥΔΑΚΗΣ 
970 |a ΧΑΤΖΗΜΙΧΑΗΛ  |b ΜΑΡΙΑ  |z 2008/01/10